000 00900nam a2200241 a 4500
001 191577
003 ES-MaACL
005 20240213124709.0
007 cr |||||||||||
008 220930s2003 sp |||||s 001 ||spa|c
245 0 0 _aDirectrices para la preservación del patrimonio digital /
_cpreparado por la Biblioteca Nacional de Australia.
256 _aDades electròniques textuals.
260 _a[S.l.] :
_bOrganización de las Naciones Unidas para la Educación, la Ciencia y la Cultura. División de la Sociedad de la Información,
_c2003.
500 _aEjemplar fotocopiado.
505 _aBibliografía
650 4 _aPreservación digital.
_9175315
710 2 _aNational Library of Australia.
_9175325
710 2 _aUnesco.
_96999
852 _aES-MaACL
_jA-15164
_9 198861
_cDEPO1
_dOlim: 025.85 dir
942 _2udc
999 _c191577
_d191577